Chopin

Sparad:
Bibliografiska uppgifter
Huvudupphovsman: Bourniquel, Camille
Materialtyp: Bok
Språk:engelska
Publicerad: New York, USA Grove 1960
Serie:Evergreen Profile Book. 8
Ämnen:
Taggar: Lägg till en tagg
Inga taggar, Lägg till första taggen!

MARC

LEADER 00000nam a2200000 a 4500
001 UCN1244
003 CL-VaPUC
005 20231023095609.0
008 010420e19600000US |||||||||||||||||eng|d
999 |c 294819  |d 294817 
040 |c Pontificia Universidad Católica de Valparaíso 
082 0 4 |a 780.92 BOU 1960  |2 21 
100 0 |a Bourniquel, Camille  |9 456736 
245 1 0 |a Chopin 
260 0 3 |a New York, USA  |b Grove  |c 1960 
300 |a 192 páginas 
490 0 |a Evergreen Profile Book.  |v 8 
583 |a last modification  |c 20010420 00:00:00  |k Rodrigo Vera 
600 0 |a Chopin, Frederic  |9 306591 
650 7 |a COMPOSITORES POLACOS  |2 CL-VaPUC  |9 456737 
650 0 |a Pianistas  |9 306502 
650 7 |a MUSICOS POLACOS  |2 CL-VaPUC  |9 456738 
942 |c BK  |2 ddc 
945 |d 20010420 00:00:00  |a crobeson 
952 |0 0  |1 0  |2 ddc  |4 0  |6 780_920000000000000_BOU_1960  |7 0  |8 A  |9 347551  |a BIBEDU  |b BIBEDU  |d 2019-11-20  |i 1249762  |o 780.92 BOU 1960  |p 1249762  |r 2023-01-12  |t 1  |w 2019-11-20  |y BK  |k MUS